| 000 | 00872nam a22002177a 4500 | ||
|---|---|---|---|
| 999 |
_c19533 _d19533 |
||
| 003 | AR-CdUCM | ||
| 008 | 190517b ||||| |||| 00| 0 spa d | ||
| 040 |
_aMUNICIPALIDAD PROVINCIAL DEL CUSCO _cBIBLIOTECA MUNICIPAL DEL CUSCO |
||
| 082 |
_a301.155 / _bD99 |
||
| 100 |
_aDyer, William G. _940921 |
||
| 245 | _aTeoría y métodos modernos del adiestramiento grupal / | ||
| 260 |
_aBuenos Aires : _bGuadalupe, _c1975. |
||
| 300 |
_a284 páginas ; _c23 cm. |
||
| 440 |
_aBiblioteca pedagógica ; _936504 |
||
| 505 | _aContenido: Teoría y método del estilo del adiestrador -- Teoría y método de las intervenciones del adiestrador -- Modalidades del diseño en el adiestramiento grupal... | ||
| 650 |
_aGrupos de trabajo _96752 |
||
| 650 |
_aAdiestramiento _931121 |
||
| 700 |
_aRosenblat, Noemí (traductor) _940922 |
||
| 942 |
_2ddc _cLIBROS |
||
| 945 |
_aacv _d2019-05-17 |
||